Štúdium zliatin Al-Pd-Co dlhodobo žíhaných pri teplote 1035°C
Gespeichert in:
| 1. Verfasser: | |
|---|---|
| Weitere Verfasser: | |
| Format: | Manuskript Buch |
| Sprache: | Slowakisch |
| Veröffentlicht: |
2020
|
| Schlagworte: | |
| Online-Zugang: | http://is.stuba.sk/zp/portal_zp.pl?podrobnosti=151381 |
| Tags: |
Keine Tags, Fügen Sie das erste Tag hinzu!
|
MARC
| LEADER | 00000ntm a22000003a 4500 | ||
|---|---|---|---|
| 001 | stuzp78938 | ||
| 003 | SK-STU | ||
| 005 | 20200704212412.1 | ||
| 007 | ta | ||
| 008 | 150427s2015----xo-----f-mn---000-0-slo-d | ||
| 040 | |a STU |b slo | ||
| 041 | 0 | |a slo | |
| 100 | 1 | |a Piňák, Matúš |u 061000 |k Z4 |4 aut |U MTF Materiálovotechnologická fakulta |T MTF Ústav materiálov |X 80149 |U M1000 |Y 81 |7 80149 | |
| 242 | 0 | 1 | |a Investigation of long-term annealed Al-Pd-Co alloys at 1035°C |y eng |
| 245 | 1 | 0 | |a Štúdium zliatin Al-Pd-Co dlhodobo žíhaných pri teplote 1035°C |
| 260 | |c 2020 | ||
| 650 | 4 | |a kvázikryštál |2 slo | |
| 650 | 4 | |a fáza |2 slo | |
| 650 | 4 | |a mikroštruktúra |2 slo | |
| 650 | 4 | |a zliatina Al-Pd-Co |2 slo | |
| 650 | 4 | |a izotermický rez |2 slo | |
| 650 | 4 | |a riadkovacia elektrónová mikroskopia |2 slo | |
| 650 | 4 | |a difrakčná röntgenová analýza |2 slo | |
| 650 | 4 | |a microstructure |2 eng | |
| 650 | 4 | |a scanning electron microscopy |2 eng | |
| 650 | 4 | |a diffraction X-ray analysis |2 eng | |
| 650 | 4 | |a isothermal section |2 eng | |
| 650 | 4 | |a quasi-crystal |2 eng | |
| 650 | 4 | |a phase |2 eng | |
| 650 | 4 | |a Al-Pd-Co alloy |2 eng | |
| 700 | 1 | |a Černičková, Ivona |u 061000 |k Z1 |4 ths |U MTF Materiálovotechnologická fakulta |T MTF Ústav materiálov |X 66646 |U M1000 |Y 81 |7 A000066646 | |
| 856 | 4 | |u http://is.stuba.sk/zp/portal_zp.pl?podrobnosti=151381 | |
| 996 | |c M* DP-14388 |l MMSKP |s P |a 0 |w stuzp78938_0001 | ||